[Event "Obama op"]
[Site "Edmonton CAN"]
[Date "2008.11.13"]
[Round "2"]
[White "Thompson, Peter"]
[Black "Yamach, Ahmet"]
[Result "0-1"]
[WhiteElo "1858"]
[BlackElo "1876"]
[PlyCount "86"]
[GameId "2160767910294462"]
[EventDate "2008.11.06"]
[EventType "swiss"]
[EventRounds "4"]
[EventCountry "CAN"]
[SourceTitle "EXT 2022"]
[Source "ChessBase"]
[SourceDate "2021.10.06"]
[SourceVersion "1"]
[SourceVersionDate "2021.10.06"]
[SourceQuality "1"]

1. d4 d5 2. Nf3 g6 3. Bf4 Bg7 4. e3 Nf6 5. h3 c6 6. Bd3 Nbd7 7. Nbd2 e6 8. O-O O-O 9. c4 c5 10. Bd6 Re8 11. Ne5 cxd4 12. exd4 dxc4 13. Ndxc4 Nb6 14. Bc5 Nxc4 15. Bxc4 Nd7 16. Nxd7 Bxd7 17. Qd2 Bc6 18. Rad1 Qd7 19. Bb4 Red8 20. Bc3 Rac8 21. Bb3 b6 22. Qg5 Bd5 23. Bxd5 Qxd5 24. Qxd5 Rxd5 25. Rd2 Rc4 26. Rfd1 b5 27. a3 Bf8 28. Kf1 Bxa3 29. bxa3 Rxc3 30. Rd3 Rxd3 31. Rxd3 e5 32. Ke2 exd4 33. Kd2 a5 34. Kc2 f5 35. Rb3 Kf7 36. Kd3 Ke6 37. f4 Kd6 38. Rb2 Kc6 39. g3 h5 40. h4 Rd6 41. Rc2+ Kd5 42. Rb2 Rb6 43. Re2 Re6 0-1

[Event "Obama op"]
[Site "Edmonton CAN"]
[Date "2008.11.13"]
[Round "2"]
[White "Wu, Allan"]
[Black "Thomas, Derek"]
[Result "0-1"]
[WhiteElo "1876"]
[BlackElo "1517"]
[PlyCount "86"]
[GameId "2160767910294464"]
[EventDate "2008.11.06"]
[EventType "swiss"]
[EventRounds "4"]
[EventCountry "CAN"]
[SourceTitle "EXT 2022"]
[Source "ChessBase"]
[SourceDate "2021.10.06"]
[SourceVersion "1"]
[SourceVersionDate "2021.10.06"]
[SourceQuality "1"]

1. c4 e6 2. d4 d5 3. Nc3 Nf6 4. Nf3 b6 5. Bf4 a6 6. e3 Bb7 7. Be2 Nbd7 8. O-O Be7 9. Rc1 c5 10. Na4 O-O 11. Qb3 Rc8 12. Rfd1 Nh5 13. Be5 f6 14. Ng5 fxg5 15. Bxh5 Bf6 16. Bd6 Be7 17. Bxe7 Qxe7 18. Nxb6 Nxb6 19. Qxb6 Rc6 20. Qb3 cxd4 21. exd4 Rfc8 22. c5 Ba8 23. Re1 Qf6 24. Qe3 g6 25. Bg4 Re8 26. b4 h5 27. Be2 Rb8 28. Qc3 Rf8 29. Rf1 Bb7 30. b5 axb5 31. Bxb5 Rc7 32. c6 Bc8 33. a4 Qe7 34. Qd3 Kh7 35. a5 Qb4 36. a6 Rf4 37. Rfd1 Ra7 38. Qc3 Qxb5 39. Rb1 Qxa6 40. Qc5 Rc7 41. Rdc1 Qa2 42. f3 Qa4 43. Rb4 Qa3 0-1

[Event "Oktoberfest U1400"]
[Site "Kitchener CAN"]
[Date "2008.10.18"]
[Round "2"]
[White "Deforest, David"]
[Black "France, Kyle"]
[Result "0-1"]
[WhiteElo "1176"]
[BlackElo "1162"]
[PlyCount "105"]
[GameId "2160767910302931"]
[EventDate "2008.10.17"]
[EventType "swiss"]
[EventRounds "5"]
[EventCountry "CAN"]

1. e4 e6 2. d4 d5 3. Nc3 Bb4 4. e5 c5 5. Nf3 Nc6 6. a3 Bxc3+ 7. bxc3 c4 8. Be2 Nge7 9. O-O Bd7 10. Rb1 Qc7 11. Be3 O-O-O 12. Rb5 b6 13. Qb1 Rdg8 14. Qb2 h6 15. Nd2 g5 16. f3 Ng6 17. f4 Nxf4 18. Bxf4 gxf4 19. Rxf4 Rg7 20. Bh5 Be8 21. Bg4 Rhg8 22. Bh3 Qe7 23. Nf3 Rg6 24. Rxd5 f5 25. exf6 Rxf6 26. Re4 Rxf3 27. Bxe6+ Kc7 28. Bxg8 Qxe4 29. gxf3 Qg6+ 30. Kf2 Qxg8 31. Rf5 Bd7 32. Rh5 Qf7 33. Rh4 h5 34. h3 Ne7 35. Qc1 Nd5 36. Qe1 Kc6 37. Qd2 Qg6 38. Qe2 b5 39. Qe4 Bf5 40. Qe5 Bxc2 41. Rxh5 Qd6 42. Qxd6+ Kxd6 43. Rh6+ Kc7 44. Ke2 Bf5 45. Kd2 a5 46. h4 b4 47. axb4 axb4 48. cxb4 c3+ 49. Kc1 Nxb4 50. Rh5 Na2+ 51. Kd1 c2+ 52. Ke2 c1=Q 53. Rxf5 0-1

[Event "Oktoberfest U1400"]
[Site "Kitchener CAN"]
[Date "2008.10.19"]
[Round "2"]
[White "Chuchin, Sasha"]
[Black "McArthur, Ricky"]
[Result "0-1"]
[WhiteElo "1241"]
[BlackElo "1126"]
[PlyCount "34"]
[GameId "2160767910302932"]
[EventDate "2008.10.17"]
[EventType "swiss"]
[EventRounds "5"]
[EventCountry "CAN"]

1. e4 d5 2. exd5 Nf6 3. Bc4 Nxd5 4. Qf3 Be6 5. d3 Nc6 6. Ne2 Ne5 7. Qe4 Nxc4 8. dxc4 Nb4 9. O-O g6 10. Nbc3 Bf5 11. Qe5 f6 12. Qb5+ Nc6 13. Qxb7 Ne5 14. Bf4 Qb8 15. Qd5 c6 16. Qf3 Nxf3+ 17. gxf3 e5 0-1

[Event "Oktoberfest U1400"]
[Site "Kitchener CAN"]
[Date "2008.10.19"]
[Round "3"]
[White "Deforest, David"]
[Black "Chuchin, Sasha"]
[Result "0-1"]
[WhiteElo "1176"]
[BlackElo "1241"]
[PlyCount "80"]
[GameId "2160767910302933"]
[EventDate "2008.10.17"]
[EventType "swiss"]
[EventRounds "5"]
[EventCountry "CAN"]

1. e4 e5 2. Nf3 Nf6 3. Nxe5 d6 4. Nf3 Nxe4 5. d4 d5 6. c4 Nc6 7. Bd3 Bf5 8. O-O Be7 9. Bf4 O-O 10. Re1 Bb4 11. Re2 Re8 12. c5 b6 13. a3 Ba5 14. b4 Bxb4 15. axb4 Nxb4 16. Nbd2 Nc3 17. Rxe8+ Qxe8 18. Qb3 Nxd3 19. Qxc3 Nxf4 20. g3 Ne2+ 21. Kg2 Nxc3 22. cxb6 cxb6 23. Nf1 Be4 24. N1d2 Bxf3+ 25. Nxf3 Qe4 26. Re1 Qxe1 27. Nxe1 a5 28. Nc2 a4 29. Kf1 a3 30. Ke1 a2 31. Na1 b5 32. Kd2 b4 33. Kc2 f5 34. Kb3 Rb8 35. Kc2 b3+ 36. Kb2 Na4+ 37. Ka3 b2 38. Kxa4 bxa1=Q 39. Ka3 Qb2+ 40. Ka4 a1=Q# 0-1

[Event "Oktoberfest U1400"]
[Site "Kitchener CAN"]
[Date "2008.10.19"]
[Round "4"]
[White "Brammall, Stuart"]
[Black "Deforest, David"]
[Result "1-0"]
[WhiteElo "1604"]
[BlackElo "1176"]
[PlyCount "113"]
[GameId "2160767910302934"]
[EventDate "2008.10.17"]
[EventType "swiss"]
[EventRounds "5"]
[EventCountry "CAN"]

1. e4 e6 2. d4 d5 3. Nc3 Bb4 4. e5 c5 5. a3 Bxc3+ 6. bxc3 c4 7. Qg4 g6 8. a4 Nd7 9. Ba3 Ne7 10. h4 O-O 11. h5 Nf5 12. Nf3 Re8 13. Qh3 g5 14. h6 a5 15. Qg4 f6 16. exf6 Qxf6 17. Qxg5+ Qxg5 18. Nxg5 Nf6 19. f3 Bd7 20. Bc1 e5 21. Kd2 exd4 22. cxd4 Rac8 23. c3 Re7 24. Kc2 Re1 25. Bb2 Rce8 26. Kd2 Rxa1 27. Bxa1 Bxa4 28. g4 Ng3 29. Rg1 Nxf1+ 30. Rxf1 Bd7 31. Nh3 Rf8 32. Ke1 Kf7 33. Bb2 Re8+ 34. Kf2 b5 35. Ba3 Rb8 36. Rb1 Kg6 37. Bc1 b4 38. Nf4+ Kf7 39. g5 Ne8 40. Nxd5 b3 41. Ne3 Nd6 42. Ba3 Nb5 43. Bb2 Nd6 44. Kg3 Nf5+ 45. Nxf5 Bxf5 46. Ra1 Ra8 47. Kf4 Bd3 48. Ra4 Kg6 49. d5 Re8 50. Rxa5 Re2 51. d6 Rxb2 52. d7 Re2 53. d8=Q b2 54. Qf6+ Kh5 55. g6+ Re5 56. Rxe5+ Bf5 57. Rxf5+ 1-0

[Event "Oktoberfest U1400"]
[Site "Kitchener CAN"]
[Date "2008.10.19"]
[Round "5"]
[White "Chuchin, Sasha"]
[Black "McCleary, Reuben"]
[Result "0-1"]
[WhiteElo "1241"]
[BlackElo "1326"]
[PlyCount "36"]
[GameId "2160767910302935"]
[EventDate "2008.10.17"]
[EventType "swiss"]
[EventRounds "5"]
[EventCountry "CAN"]

1. e4 c5 2. Nf3 e6 3. d4 cxd4 4. Nxd4 Nf6 5. Bg5 Qb6 6. Nb3 Nxe4 7. Be3 Qc7 8. Bd3 Nf6 9. Nc3 Bb4 10. Bd4 e5 11. Qe2 Nc6 12. Bc5 Bxc5 13. Nxc5 Nd4 14. Na6 bxa6 15. Qe3 O-O 16. Qh3 d6 17. Qh4 Bb7 18. g4 Nf3+ 0-1

[Event "Oktoberfest U1400"]
[Site "Kitchener CAN"]
[Date "2008.10.19"]
[Round "5"]
[White "McCleary, Rick"]
[Black "Deforest, David"]
[Result "0-1"]
[WhiteElo "1209"]
[BlackElo "1176"]
[PlyCount "114"]
[GameId "2160767910302936"]
[EventDate "2008.10.17"]
[EventType "swiss"]
[EventRounds "5"]
[EventCountry "CAN"]

1. d4 Nf6 2. Nf3 e6 3. Nc3 Bb4 4. Bd2 O-O 5. e4 Bxc3 6. Bxc3 Nxe4 7. Bd3 Nf6 8. Qd2 Nc6 9. O-O-O a6 10. Rdg1 b5 11. g4 Qe7 12. g5 Nd5 13. g6 fxg6 14. Ne5 Nxe5 15. dxe5 Bb7 16. h4 Nxc3 17. Qxc3 Bxh1 18. Rxh1 c5 19. h5 gxh5 20. Be4 Rab8 21. Rxh5 h6 22. Qd3 Qf7 23. Bh7+ Kh8 24. Bg6 Qxf2 25. b3 Qf1+ 26. Qxf1 Rxf1+ 27. Kb2 a5 28. Rh3 Re1 29. Rd3 c4 30. Rxd7 Rxe5 31. Re7 cxb3 32. axb3 h5 33. Kc3 h4 34. Kd4 Re1 35. Bf5 Kg8 36. Bxe6+ Kf8 37. Rf7+ Ke8 38. Kd5 Rd8+ 39. Kc5 Rxe6 40. Rxg7 Rh6 41. Kxb5 Rd1 42. c4 h3 43. c5 h2 44. c6 Rc1 45. c7 Rxc7 46. Rxc7 h1=Q 47. Rc8+ Kd7 48. Rc5 Rh5 49. b4 Rxc5+ 50. bxc5 Qc6+ 51. Kxa5 Qxc5+ 52. Ka4 Qb6 53. Ka3 Qb5 54. Ka2 Qb4 55. Ka1 Kc6 56. Ka2 Kc5 57. Ka1 Kc4 0-1

[Event "Oktoberfest U1700"]
[Site "Kitchener CAN"]
[Date "2008.10.17"]
[Round "1"]
[White "Brammall, Stuart"]
[Black "Gellner, Nicholas"]
[Result "0-1"]
[WhiteElo "1604"]
[BlackElo "1497"]
[PlyCount "127"]
[GameId "2160767910302937"]
[EventDate "2008.10.17"]
[EventType "swiss"]
[EventRounds "5"]
[EventCountry "CAN"]

1. e4 e5 2. Nf3 Nf6 3. Nc3 d6 4. d4 exd4 5. Nxd4 Be7 6. Bf4 Nc6 7. Qd2 O-O 8. O-O-O Nxd4 9. Qxd4 Be6 10. f3 Nh5 11. Be3 f5 12. exf5 Bf6 13. Qd2 Bxc3 14. Qxc3 Bf7 15. g4 Nf6 16. Bg5 Nd5 17. Qd2 Qd7 18. Bg2 Qa4 19. a3 h6 20. f4 c6 21. Bh4 Nxf4 22. Bf3 Bd5 23. Bxd5+ Nxd5 24. Bg3 Qxg4 25. Bxd6 Rxf5 26. Rhg1 Qh4 27. Rg6 Rf6 28. Rdg1 Rxg6 29. Rxg6 Re8 30. Rg1 Nf6 31. Bg3 Qc4 32. b3 Qc5 33. Rg2 Qxa3+ 34. Kb1 Ne4 35. Qe3 Qb4 36. Be1 Qd6 37. Kb2 Qe5+ 38. Bc3 Nxc3 39. Qxe5 Nd1+ 40. Kc1 Rxe5 41. Kxd1 Kf7 42. Kd2 g5 43. Kd3 Ke6 44. Kd4 b6 45. c3 a5 46. h4 Rd5+ 47. Ke4 Rb5 48. hxg5 hxg5 49. c4 Re5+ 50. Kd4 c5+ 51. Kd3 Rf5 52. Ke3 Kf6 53. Rg4 Rf1 54. Ke4 Rd1 55. Ke3 Kf5 56. Rg3 Rb1 57. Kf2 Kf4 58. Rf3+ Kg4 59. Rd3 Kh4 60. Kf3 g4+ 61. Kg2 Rb2+ 62. Kg1 g3 63. Re3 Kh3 64. Kf1 0-1

[Event "Oktoberfest U1700"]
[Site "Kitchener CAN"]
[Date "2008.10.17"]
[Round "1"]
[White "Waite, Timothy"]
[Black "Darbyson, Melissa"]
[Result "0-1"]
[WhiteElo "1549"]
[BlackElo "1634"]
[PlyCount "54"]
[GameId "2160767910302938"]
[EventDate "2008.10.17"]
[EventType "swiss"]
[EventRounds "5"]
[EventCountry "CAN"]

1. c4 e5 2. Nc3 Bc5 3. e3 Nc6 4. g3 Nf6 5. Bg2 d6 6. Nge2 Be6 7. b3 O-O 8. d4 exd4 9. exd4 Bb4 10. d5 Bg4 11. f3 Re8 12. O-O Bc5+ 13. Kh1 Ne5 14. fxg4 Nfxg4 15. Ne4 Ne3 16. Bxe3 Bxe3 17. Nd4 Qd7 18. Nf5 Bb6 19. h4 f6 20. h5 Qf7 21. g4 Kh8 22. Rc1 g6 23. Nfxd6 cxd6 24. Nxd6 Qe7 25. Nxe8 f5 26. d6 Qh4+ 27. Bh3 Qxh3# 0-1

[Event "Oktoberfest U2000"]
[Site "Kitchener CAN"]
[Date "2008.10.17"]
[Round "1"]
[White "Dragusanu, George"]
[Black "Shah, Omar"]
[Result "1/2-1/2"]
[WhiteElo "1764"]
[BlackElo "1949"]
[PlyCount "57"]
[GameId "2160767910302939"]
[EventDate "2008.10.17"]
[EventType "swiss"]
[EventRounds "5"]
[EventCountry "CAN"]
[SourceTitle "EXT 2011"]
[Source "ChessBase"]
[SourceDate "2011.11.26"]
[SourceVersion "1"]
[SourceVersionDate "2011.11.26"]
[SourceQuality "1"]

1. e4 c5 2. Nf3 d6 3. d4 cxd4 4. Nxd4 Nf6 5. Nc3 a6 6. Be2 e6 7. O-O Be7 8. Be3 O-O 9. f4 Qc7 10. Qe1 Nc6 11. Qg3 Bd7 12. e5 Ne8 13. Nf3 f5 14. Rad1 b5 15. a3 Rb8 16. a4 bxa4 17. Nxa4 Nb4 18. b3 Qxc2 19. Nd4 Qc7 20. Rc1 Qd8 21. Bc4 d5 22. Be2 Nc7 23. Nc5 Kf7 24. Qh3 Kg8 25. g4 g6 26. gxf5 gxf5 27. Kh1 Kh8 28. Rg1 Rc8 29. Qh6 1/2-1/2

[Event "Oktoberfest U2000"]
[Site "Kitchener CAN"]
[Date "2008.10.17"]
[Round "1"]
[White "Gashgarian, Robert"]
[Black "Douglas, Richard"]
[Result "1-0"]
[WhiteElo "1921"]
[BlackElo "1746"]
[PlyCount "117"]
[GameId "2160767910302940"]
[EventDate "2008.10.17"]
[EventType "swiss"]
[EventRounds "5"]
[EventCountry "CAN"]
[SourceTitle "EXT 2011"]
[Source "ChessBase"]
[SourceDate "2011.11.26"]
[SourceVersion "1"]
[SourceVersionDate "2011.11.26"]
[SourceQuality "1"]

1. Nf3 Nf6 2. b4 g6 3. Bb2 Bg7 4. c4 d6 5. g3 O-O 6. Bg2 e5 7. O-O Be6 8. d3 Qc8 9. Nbd2 Bh3 10. Re1 Bxg2 11. Kxg2 Nh5 12. c5 e4 13. Nd4 Nc6 14. Nxc6 bxc6 15. Bxg7 Nxg7 16. Nxe4 f5 17. Qb3+ d5 18. Nd2 Ne6 19. f4 Qd7 20. e3 Rfb8 21. Rac1 Rb5 22. a4 Rb7 23. Nf3 a5 24. b5 Qe7 25. Ne5 Nxc5 26. Qc2 cxb5 27. Qxc5 Qxc5 28. Rxc5 bxa4 29. Ra1 Rb2+ 30. Kf3 Rxh2 31. Rxd5 Rb8 32. Nc4 Rb3 33. Rxa4 Rb1 34. e4 Rf1+ 35. Ke3 fxe4 36. Kxe4 Re2+ 37. Kd4 Rf3 38. Rd7 Rxg3 39. Ne5 Rb2 40. Rxa5 Rb4+ 41. Nc4 Rb8 42. Ra7 Rf8 43. Raxc7 Rxf4+ 44. Kc3 Rh3 45. Nd2 Rh1 46. Kb3 Rf2 47. Rc8+ Rf8 48. Rxf8+ Kxf8 49. Ne4 h5 50. Kc4 h4 51. Rh7 Kg8 52. Nf6+ Kf8 53. Kd5 g5 54. Ke6 Re1+ 55. Kf5 Re7 56. Rxe7 Kxe7 57. Kxg5 Ke6 58. Nh5 h3 59. Nf4+ 1-0

[Event "Oktoberfest U2000"]
[Site "Kitchener CAN"]
[Date "2008.10.17"]
[Round "1"]
[White "Hendon, Lee"]
[Black "Knechtel, Tim"]
[Result "1-0"]
[WhiteElo "1649"]
[BlackElo "1798"]
[PlyCount "91"]
[GameId "2160767910302941"]
[EventDate "2008.10.17"]
[EventType "swiss"]
[EventRounds "5"]
[EventCountry "CAN"]
[SourceTitle "EXT 2011"]
[Source "ChessBase"]
[SourceDate "2011.11.26"]
[SourceVersion "1"]
[SourceVersionDate "2011.11.26"]
[SourceQuality "1"]

1. e4 g6 2. d4 Nf6 3. Nc3 d6 4. f4 Bg7 5. Nf3 O-O 6. Be2 a6 7. O-O b5 8. a3 Bb7 9. e5 Ne8 10. Be3 e6 11. Qe1 d5 12. Qg3 Nd7 13. Qh3 Rc8 14. b4 Nb6 15. Ng5 h6 16. Nf3 Nc4 17. Bc1 c6 18. g4 Ra8 19. f5 exf5 20. gxf5 Bc8 21. Bd3 a5 22. Bxh6 axb4 23. Bxg7 Nxg7 24. axb4 Rxa1 25. Rxa1 Bxf5 26. Qh6 Ne6 27. Bxf5 gxf5 28. Kh1 f6 29. Rg1+ Kf7 30. Qh7+ Ke8 31. Qxf5 Qe7 32. Ra1 fxe5 33. Ra8+ Nd8 34. Qg6+ Rf7 35. Qxc6+ Kf8 36. Nxd5 Qd7 37. Qh6+ Rg7 38. Qh8+ Rg8 39. Qxg8+ Kxg8 40. Nf6+ Kg7 41. Nxd7 Nc6 42. Ndxe5 Nxb4 43. Nxc4 bxc4 44. Rc8 Nxc2 45. Rxc4 Ne3 46. Rc6 1-0

[Event "Oktoberfest U2000"]
[Site "Kitchener CAN"]
[Date "2008.10.17"]
[Round "1"]
[White "Palmer, Jordan"]
[Black "Liu, Steven2"]
[Result "1-0"]
[WhiteElo "1952"]
[BlackElo "1779"]
[PlyCount "49"]
[GameId "2160767910302942"]
[EventDate "2008.10.17"]
[EventType "swiss"]
[EventRounds "5"]
[EventCountry "CAN"]
[SourceTitle "EXT 2011"]
[Source "ChessBase"]
[SourceDate "2011.11.26"]
[SourceVersion "1"]
[SourceVersionDate "2011.11.26"]
[SourceQuality "1"]

1. e4 c6 2. d4 d5 3. c4 dxe4 4. Nc3 Bf5 5. g4 Bg6 6. Bg2 e6 7. Nge2 Bd6 8. Nxe4 Bc7 9. Qb3 Bxe4 10. Bxe4 Qd7 11. Bd2 Bb6 12. O-O-O Nf6 13. Bf3 h6 14. h4 Bd8 15. g5 Ng8 16. Qd3 Be7 17. g6 Bf6 18. gxf7+ Qxf7 19. Nf4 Kd8 20. Ng6 Rh7 21. Ne5 Bxe5 22. dxe5+ Kc7 23. Qxh7 Qxf3 24. Qxg7+ Nd7 25. Ba5+ 1-0

[Event "Oktoberfest U2000"]
[Site "Kitchener CAN"]
[Date "2008.10.17"]
[Round "1"]
[White "Wang, Jesse BJ"]
[Black "McClelland, Tom"]
[Result "1-0"]
[WhiteElo "1911"]
[BlackElo "1875"]
[PlyCount "89"]
[GameId "2160767910302943"]
[EventDate "2008.10.17"]
[EventType "swiss"]
[EventRounds "5"]
[EventCountry "CAN"]

1. e4 e5 2. Nf3 Nc6 3. Bb5 a6 4. Ba4 Nf6 5. O-O Be7 6. Re1 b5 7. Bb3 O-O 8. d4 d6 9. dxe5 Nxe5 10. Nxe5 dxe5 11. Qe2 Bb7 12. Rd1 Qc8 13. Nc3 Rd8 14. Bg5 c6 15. a4 b4 16. Qc4 Qe6 17. Qxe6 fxe6 18. Bxe6+ Kf8 19. Bxf6 Bxf6 20. Ne2 Ke7 21. Bc4 c5 22. f3 Bg5 23. Kf2 g6 24. g3 h5 25. Rd3 Rxd3 26. cxd3 a5 27. Kg2 Bc6 28. f4 exf4 29. Nxf4 Bxf4 30. gxf4 Rf8 31. Bb5 Bxb5 32. axb5 Ra8 33. b6 Rb8 34. Rxa5 Rxb6 35. Rxc5 Rd6 36. Re5+ Kd7 37. Rd5 Rxd5 38. exd5 Kd6 39. Kf3 Kxd5 40. Ke3 h4 41. h3 b3 42. d4 Kd6 43. Ke4 Ke6 44. d5+ Kd6 45. Kd4 1-0

[Event "Oktoberfest U2000"]
[Site "Kitchener CAN"]
[Date "2008.10.18"]
[Round "2"]
[White "Ferreira, Alex"]
[Black "Dragusanu, George"]
[Result "1-0"]
[WhiteElo "1937"]
[BlackElo "1764"]
[PlyCount "85"]
[GameId "2160767910302944"]
[EventDate "2008.10.17"]
[EventType "swiss"]
[EventRounds "5"]
[EventCountry "CAN"]
[SourceTitle "EXT 2011"]
[Source "ChessBase"]
[SourceDate "2011.11.26"]
[SourceVersion "1"]
[SourceVersionDate "2011.11.26"]
[SourceQuality "1"]

1. e4 e5 2. f4 exf4 3. Nf3 g5 4. h4 g4 5. Ne5 d6 6. Nxg4 Be7 7. Bc4 Bxh4+ 8. Kf1 Qg5 9. Nh2 Qc5 10. Qe2 Nc6 11. c3 Na5 12. Bd5 Nc6 13. Nf3 Bf6 14. d4 Nxd4 15. Nxd4 Bxd4 16. b4 Qb6 17. cxd4 Qxb4 18. Qh5 Qxd4 19. Qxf7+ Kd8 20. Qf8+ Kd7 21. Rxh7+ Rxh7 22. Qf5+ Kd8 23. Qxh7 Qd3+ 24. Ke1 Qg3+ 25. Kf1 Bd7 26. Qxg8+ Ke7 27. Qxg3 fxg3 28. Bg5+ Kf8 29. Nc3 Kg7 30. Kg1 c6 31. Bb3 Re8 32. Rf1 d5 33. exd5 Bg4 34. d6 Kg6 35. Bf7+ Kxg5 36. Bxe8 b5 37. Rf8 b4 38. Rg8+ Kf6 39. Ne4+ Ke6 40. Rg6+ Kf5 41. Rxg4 Kxg4 42. d7 a5 43. d8=Q 1-0

[Event "Oktoberfest U2000"]
[Site "Kitchener CAN"]
[Date "2008.10.18"]
[Round "2"]
[White "Hendon, Lee"]
[Black "Gashgarian, Robert"]
[Result "1-0"]
[WhiteElo "1649"]
[BlackElo "1921"]
[PlyCount "93"]
[GameId "2160767910302945"]
[EventDate "2008.10.17"]
[EventType "swiss"]
[EventRounds "5"]
[EventCountry "CAN"]
[SourceTitle "EXT 2011"]
[Source "ChessBase"]
[SourceDate "2011.11.26"]
[SourceVersion "1"]
[SourceVersionDate "2011.11.26"]
[SourceQuality "1"]

1. e4 Nf6 2. Nc3 d6 3. d4 c6 4. f4 Qc7 5. Nf3 Bg4 6. Be2 Nbd7 7. Be3 e5 8. Qd2 Be7 9. h3 exd4 10. Nxd4 Bxe2 11. Qxe2 g6 12. O-O-O b5 13. Qf3 Rc8 14. Nde2 b4 15. Nb1 d5 16. e5 Ne4 17. Nd2 Ndc5 18. Ng3 Qa5 19. Kb1 Nxg3 20. Qxg3 f5 21. Bd4 Ne6 22. Nb3 Qa4 23. Be3 O-O 24. Nd4 Ng7 25. Bc1 Rfd8 26. h4 c5 27. Nb3 Nh5 28. Qf3 Qd7 29. Rdg1 d4 30. g4 fxg4 31. Rxg4 c4 32. Rhg1 cxb3 33. Rxg6+ hxg6 34. Qxh5 bxa2+ 35. Ka1 Bf8 36. Qxg6+ Bg7 37. f5 Qf7 38. f6 Qxg6 39. Rxg6 Rxc2 40. Rxg7+ Kh8 41. Bh6 b3 42. Rg1 Rf2 43. e6 Kh7 44. f7 Kxh6 45. e7 Rc8 46. e8=Q Rg2 47. f8=Q+ 1-0

[Event "Oktoberfest U2000"]
[Site "Kitchener CAN"]
[Date "2008.10.18"]
[Round "2"]
[White "Shah, Omar"]
[Black "Gillanders, Robert"]
[Result "0-1"]
[WhiteElo "1949"]
[BlackElo "1809"]
[PlyCount "74"]
[GameId "2160767910302946"]
[EventDate "2008.10.17"]
[EventType "swiss"]
[EventRounds "5"]
[EventCountry "CAN"]
[SourceTitle "EXT 2011"]
[Source "ChessBase"]
[SourceDate "2011.11.26"]
[SourceVersion "1"]
[SourceVersionDate "2011.11.26"]
[SourceQuality "1"]

1. e4 c5 2. Nf3 Nc6 3. d4 cxd4 4. Nxd4 Nf6 5. Nc3 e5 6. Ndb5 d6 7. Bg5 a6 8. Na3 b5 9. Nd5 Be7 10. Bxf6 Bxf6 11. c3 Bg5 12. Nc2 O-O 13. g3 Ne7 14. h4 Bh6 15. Bg2 Nxd5 16. Qxd5 Be6 17. Qd1 Qd7 18. O-O a5 19. Re1 Rac8 20. Kh2 Rc5 21. Ne3 g6 22. Qd3 Rfc8 23. Red1 Bf8 24. Bf3 h5 25. Qe2 b4 26. cxb4 axb4 27. b3 Bh6 28. Rd2 Rc3 29. Rd3 Rxd3 30. Qxd3 Rc3 31. Qe2 Bxe3 32. fxe3 Qc6 33. Bg2 Bg4 34. Qf1 Rc2 35. a4 Qxe4 36. Kh1 Qxe3 37. a5 Qxg3 0-1

[Event "Oktoberfest U2000"]
[Site "Kitchener CAN"]
[Date "2008.10.18"]
[Round "2"]
[White "Wang, Jesse BJ"]
[Black "Palmer, Jordan"]
[Result "0-1"]
[WhiteElo "1911"]
[BlackElo "1952"]
[PlyCount "67"]
[GameId "2160767910302947"]
[EventDate "2008.10.17"]
[EventType "swiss"]
[EventRounds "5"]
[EventCountry "CAN"]

1. e4 d5 2. e5 Bf5 3. d4 e6 4. Bd3 Bg6 5. h4 Nc6 6. Bb5 h6 7. Ne2 a6 8. Bxc6+ bxc6 9. Nf4 Ne7 10. Nxg6 Nxg6 11. h5 Ne7 12. c3 c5 13. dxc5 Nc6 14. Bf4 Bxc5 15. b4 Be7 16. Qa4 Qd7 17. O-O Nxe5 18. Qxd7+ Nxd7 19. Bxc7 Nf6 20. Nd2 Nxh5 21. Ba5 Bf6 22. Nb3 Bxc3 23. Rac1 d4 24. f4 Ng3 25. Rf2 O-O 26. Kh2 Nf5 27. Rf3 f6 28. Nc5 Rae8 29. Ne4 Ne7 30. Rg3 Nd5 31. a3 f5 32. Nd6 Re7 33. Rf3 Bd2 34. Rcf1 0-1

[Event "Oktoberfest U2000"]
[Site "Kitchener CAN"]
[Date "2008.10.18"]
[Round "3"]
[White "Douglas, Richard"]
[Black "Wang, Jesse BJ"]
[Result "0-1"]
[WhiteElo "1746"]
[BlackElo "1911"]
[PlyCount "70"]
[GameId "2160767910302948"]
[EventDate "2008.10.17"]
[EventType "swiss"]
[EventRounds "5"]
[EventCountry "CAN"]

1. e4 c5 2. Nc3 Nc6 3. f4 e6 4. Nf3 d5 5. e5 Nh6 6. Bb5 Bd7 7. O-O a6 8. Bxc6 Bxc6 9. d3 Qb6 10. h3 Nf5 11. g4 c4+ 12. d4 Ng3 13. Re1 Bb4 14. Kg2 Bxc3 15. bxc3 Ne4 16. Bd2 Qb2 17. Re3 Ba4 18. Qb1 Qxc2 19. Qxc2 Bxc2 20. Be1 b5 21. Nd2 O-O 22. Nxe4 Bxe4+ 23. Kg3 a5 24. a3 Rfb8 25. Rc1 f6 26. exf6 gxf6 27. h4 h6 28. g5 Kg7 29. Bd2 hxg5 30. fxg5 fxg5 31. Re2 Rf8 32. hxg5 Rf3+ 33. Kg4 Raf8 34. Be3 Rh8 35. Rg1 Rhh3 0-1

[Event "Oktoberfest U2000"]
[Site "Kitchener CAN"]
[Date "2008.10.18"]
[Round "3"]
[White "Gashgarian, Robert"]
[Black "Knechtel, Tim"]
[Result "1-0"]
[WhiteElo "1921"]
[BlackElo "1798"]
[PlyCount "95"]
[GameId "2160767910302949"]
[EventDate "2008.10.17"]
[EventType "swiss"]
[EventRounds "5"]
[EventCountry "CAN"]
[SourceTitle "EXT 2011"]
[Source "ChessBase"]
[SourceDate "2011.11.26"]
[SourceVersion "1"]
[SourceVersionDate "2011.11.26"]
[SourceQuality "1"]

1. Nf3 g6 2. c4 d6 3. e4 Bg7 4. d4 h6 5. Nc3 e6 6. Bf4 Ne7 7. Qd2 Nd7 8. h4 b6 9. O-O-O Bb7 10. d5 e5 11. Be3 Nf6 12. Nh2 Bc8 13. Be2 h5 14. f3 Bd7 15. Rdf1 a6 16. g4 b5 17. g5 Nh7 18. c5 b4 19. Nd1 a5 20. Kb1 Qb8 21. Nf2 Bb5 22. Rc1 O-O 23. Nd3 Rc8 24. Rhf1 Qb7 25. f4 Bxd3+ 26. Bxd3 exf4 27. Bxf4 Rd8 28. Qf2 Nc8 29. Rc4 Rf8 30. Rfc1 Qa7 31. Qg3 Qb8 32. Nf3 Ra7 33. e5 dxc5 34. Rxc5 Nb6 35. Nd4 Qa8 36. Nc6 Rb7 37. Rxa5 Qe8 38. Ba6 Nxd5 39. Rxd5 Rb6 40. Bb5 Qe6 41. Rdc5 Ra8 42. Bc4 Qd7 43. e6 fxe6 44. Qf3 Rf8 45. Qe4 Re8 46. Ne5 Bxe5 47. Bxe5 Nf8 48. Rxc7 1-0

[Event "Oktoberfest U2000"]
[Site "Kitchener CAN"]
[Date "2008.10.18"]
[Round "3"]
[White "Gillanders, Robert"]
[Black "Ferreira, Alex"]
[Result "0-1"]
[WhiteElo "1809"]
[BlackElo "1937"]
[PlyCount "132"]
[GameId "2160767910302950"]
[EventDate "2008.10.17"]
[EventType "swiss"]
[EventRounds "5"]
[EventCountry "CAN"]
[SourceTitle "EXT 2011"]
[Source "ChessBase"]
[SourceDate "2011.11.26"]
[SourceVersion "1"]
[SourceVersionDate "2011.11.26"]
[SourceQuality "1"]

1. e4 d5 2. exd5 Nf6 3. d4 Nxd5 4. c4 Nb6 5. Be3 e5 6. Nc3 exd4 7. Qxd4 Qxd4 8. Bxd4 Nc6 9. O-O-O Nxd4 10. Rxd4 Bd7 11. Nf3 O-O-O 12. Be2 Bc5 13. Re4 f5 14. Re5 Bxf2 15. Rf1 Nxc4 16. Bxc4 Bb6 17. Nd5 g6 18. Nxb6+ axb6 19. Rd1 Bc6 20. Rxd8+ Rxd8 21. Be2 Kd7 22. Re3 Be4 23. Ne1 Ra8 24. a3 Kd6 25. g3 g5 26. Nc2 Ke5 27. Bd3 h5 28. Bxe4 fxe4 29. Kd2 g4 30. Nb4 Rd8+ 31. Ke2 h4 32. gxh4 Kf4 33. h5 Rh8 34. Nd5+ Ke5 35. Nc3 Rxh5 36. Rxe4+ Kf5 37. Re7 Rxh2+ 38. Kf1 Rxb2 39. Ne2 c5 40. Rxb7 Ke4 41. Re7+ Kd3 42. Rd7+ Kc2 43. Rg7 Rb3 44. Rxg4 Rxa3 45. Nf4 c4 46. Rg2+ Kd1 47. Nd5 Rf3+ 48. Rf2 Rb3 49. Rf4 b5 50. Rd4+ Kc2 51. Ke2 Rh3 52. Nb4+ Kb3 53. Nd5 Ka3 54. Nc7 Ka4 55. Rd5 b4 56. Rc5 Rh2+ 57. Ke3 Kb3 58. Nd5 c3 59. Kd3 Rd2+ 60. Ke3 Rd1 61. Nb6 c2 62. Ke2 c1=Q 63. Rxc1 Rxc1 64. Kd2 Rc5 65. Kd3 Rc6 66. Na8 Kb2 0-1